| 000 | 00574nam a22001937a 4500 | ||
|---|---|---|---|
| 005 | 20251108164327.0 | ||
| 008 | 250721s2008 xx 000 0 ara d | ||
| 082 | 1 | 4 | _aط/ق/غور |
| 100 | 1 |
_aغوركي، مكسيم _eمؤلف |
|
| 245 | 1 | 0 | _aالأم / |
| 264 | 1 |
_aبيروت : _bمكتبة المعارف للطياعة و النشر، _c2008. |
|
| 300 | _a192ص. | ||
| 490 | 0 | _aقصص للناشئة | |
| 650 | 1 | 7 | _aالادب المترجم |
| 653 | _aناشاون صغار (10-14) سنه | ||
| 700 | 1 | _aسويد، أحمد | |
| 942 |
_2ddc _cBK |
||
| 999 |
_c9437 _d9437 |
||